| 000 | 00847nam a2200217Ia 4500 | ||
|---|---|---|---|
| 001 | 14390 | ||
| 005 | 20260319174845.0 | ||
| 008 | 260306t2017||||xx |||||||||||||| ||spa|| | ||
| 041 | _aESP | ||
| 082 |
_a512.5 _bP666 2017 |
||
| 100 |
_aPoole, David _eAUT |
||
| 245 | 0 |
_aÁlgebra lineal: _buna introducción moderna |
|
| 260 | _c2017 | ||
| 300 |
_avarias paginaciones : : _c27 cm. |
||
| 650 | _aGEN | ||
| 654 | _aCMA | ||
| 856 |
_uhttps://itmsp.museknowledge.com/UCSP?url=https://www.ebooks7-24.com:443/?il=4199&pg=1 _zVersión digital |
||
| 856 |
_uhttps://0u213t875-y-https-ebooks7--24-com.itmsp.museknowledge.com/biblioteca.aspx _zVéase además: Base de datos Ebook7-24 |
||
| 856 |
_uhttps://0u20ft877-y-https-research-ebsco-com.itmsp.museknowledge.com/c/qxo6us/search _zVéase además: Base de datos EBSCOhost |
||
| 942 |
_cLIB _dJUS _fJUS _2ddc |
||
| 999 |
_c14390 _d14390 |
||